Évolution solaire et séries astro-chimiques / (Record no. 132969)

MARC details
000 -LEADER
campo de control de longitud fija 01089nam a2200277 i 4500
001 - NÚMERO DE CONTROL
campo de control 132969
003 - IDENTIFICADOR DE NÚMERO DE CONTROL
campo de control ES-MaACL
005 - FECHA Y HORA DE LA ÚLTIMA TRANSACCIÓN
campo de control 20260119115625.0
007 - CAMPO FIJO DE DESCRIPCIÓN FÍSICA--INFORMACIÓN GENERAL
campo de control de longitud fija t|
008 - DATOS DE LONGITUD FIJA--INFORMACIÓN GENERAL
campo de control de longitud fija 070214s1909 fr r ||||1| fre d
080 ## - NÚMERO DE LA CLASIFICACIÓN DECIMAL UNIVERSAL
Número de la Clasificación Decimal Universal 523
080 ## - NÚMERO DE LA CLASIFICACIÓN DECIMAL UNIVERSAL
Número de la Clasificación Decimal Universal 52-36
100 1# - ENTRADA PRINCIPAL--NOMBRE DE PERSONA
Nombre de persona Roso de Luna, Mario,
Fechas asociadas al nombre 1872-1931
9 (RLIN) 99794
245 10 - MENCIÓN DEL TÍTULO
Título Évolution solaire et séries astro-chimiques /
Mención de responsabilidad, etc. par Mario Roso de Luna ; traduite de l'espagnol par Miguel de Toro y Gisbert.
260 ## - PUBLICACIÓN, DISTRIBUCIÓN, ETC.
Lugar de publicación, distribución, etc. Paris :
Nombre del editor, distribuidor, etc. [s.n.],
Fecha de publicación, distribución, etc. 1909 (
Lugar de fabricación/manufactura Saint-Amand (Cher) :
Fabricante Imp. Bussière)
300 ## - DESCRIPCIÓN FÍSICA
Extensión 137 p., [2] h. pleg. col y n., [8] h. pleg. de lám ;
Dimensiones 23 cm.
530 ## - NOTA DISPONIBLE DE FORMULARIO FÍSICO ADICIONAL
Nota de formato físico adicional disponible Disponible en formato digital.
594 ## - Nota al título y mención de responsabilidad
Nota al título y mención de responsabilidad Tít. original: Evolución solar y series astroquímicas.
650 #4 - PUNTO DE ACCESO ADICIONAL DE MATERIA--TÉRMINO DE MATERIA
Término de materia o nombre geográfico como elemento de entrada Cosmoquímica.
9 (RLIN) 164135
650 #4 - PUNTO DE ACCESO ADICIONAL DE MATERIA--TÉRMINO DE MATERIA
Término de materia o nombre geográfico como elemento de entrada Sistema solar.
9 (RLIN) 195183
700 1# - ENTRADA AGREGADA--NOMBRE PERSONAL
Nombre de persona Toro y Gisbert, Miguel de.
9 (RLIN) 141153
852 ## - LOCALIZACIÓN
Ubicación ES-MaACL
Número de control de estantería G-10666
Ubicación en estantería Sala Pecera Planta 3
Anotaciones manuscritas Dedicatoria autógrafa del autor
856 4# - LOCALIZACIÓN Y ACCESO ELECTRÓNICOS
Identificador Uniforme de Recursos <a href="http://bdh-rd.bne.es/viewer.vm?id=0000243263&page=1 ">http://bdh-rd.bne.es/viewer.vm?id=0000243263&page=1 </a>
Texto de enlace (Biblioteca Digital Hispánica)
942 ## - ELEMENTOS DE ENTRADA SECUNDARIOS (KOHA)
Fuente del sistema de clasificación o colocación Clasificación decimal universal
Holdings
Estatus retirado Estado de pérdida Estado de daño No para préstamo Colección Biblioteca de origen Biblioteca actual Ubicación en estantería Fecha de adquisición Fuente de adquisición Total de préstamos Signatura topográfica completa Código de barras Visto por última vez Precio de reemplazo Tipo de ítem Koha
        Colección digital Biblioteca del Ateneo de Madrid Biblioteca del Ateneo de Madrid Sala Pecera Planta 3 17/01/2008     G-10666 1138431 23/02/2023 23/02/2023 Libro impreso